O Marxovi

Enregistré dans:
Détails bibliographiques
Format: Livre
Langue:slovaque
Publié: Bratislava Pravda 1952
Tags: Ajouter un tag
Pas de tags, Soyez le premier à ajouter un tag!

MARC

LEADER 00000nam a2200000 4500
001 0315333
005 20260309111435.1
041 0 |a slo 
044 |a SK 
245 1 0 |a O Marxovi  |c Friedrich Engels 
264 1 |a Bratislava  |b Pravda  |c 1952